000 00359 a2200157 4500
001 57141
020 _a8508089643
040 _cAnchieta - Pituba
100 _aBrezina, Thomas
240 1 0 _aO fantasma no campo de futebol
_lpor
245 1 0 _aO fantasma no campo de futebol
300 _a87
362 0 _a2006
650 4 _aLiteratura juvenil
942 _cBK
999 _c57141
_d57141